000 00354nam a22001217a 4500
008 180607b xxu||||| |||| 00| 0 eng d
041 _aeng
080 _a043.3
100 _a0
101 _aSHKI-BTH
245 _aAplikimi i protokollit të sigurisë (IPSec) te rrjetet kompjuterike në administraten tatimore të Kosovës
_cMaxhuni,Xh
942 _2udc
_cBK
999 _c46563
_d46563